| 000 | 00511nam a2200145 4500 | ||
|---|---|---|---|
| 999 |
_c16249 _d16249 |
||
| 008 | 210820b ||||| |||| 00| 0 eng d | ||
| 022 | _a0732-8435 | ||
| 082 | _aDPer 657.05 C33 Apr - Sept 2016, v86 n4-9 | ||
| 100 |
_aAnders, Susan B. _942727 |
||
| 245 |
_aAssociation of government accountants/ _cSusan B. Anders. |
||
| 260 |
_aNew York: _bThe New York State Society of CPA, _c©2016. |
||
| 300 |
_av86 n4, pages 72-73: _billustration; _c28 cm. |
||
| 650 |
_aAccountants _xAssociation. _943557 |
||
| 942 |
_2ddc _cPER |
||